Harappa : the lure of soma / (Record no. 101460)

MARC details
000 -LEADER
fixed length control field 00510nam a22001817a 4500
005 - DATE AND TIME OF LATEST TRANSACTION
control field 20160725161913.0
010 ## - LCCN (DPL NO)
LC control number ENG-115524
020 ## - INTERNATIONAL STANDARD BOOK NUMBER
International Standard Book Number 9788192226675
Terms of availability 300.00
035 ## - SYSTEM CONTROL NUMBER
System control number EN-99056
037 ## - SOURCE OF ACQUISITION
Source of stock number/acquisition DBAD/PUB
082 ## - DEWEY DECIMAL CLASSIFICATION NUMBER
Classification number N
100 ## - MAIN ENTRY--PERSONAL NAME
Personal name Kashyap,Shankar
245 ## - TITLE STATEMENT
Title Harappa : the lure of soma /
Statement of responsibility, etc by Shankar Kashyap
260 ## - PUBLICATION, DISTRIBUTION, ETC. (IMPRINT)
Place of publication, distribution, etc New Delhi
Name of publisher, distributor, etc Palimpsest Publishers
Date of publication, distribution, etc 2013
270 ## - ADDRESS
Address 16,Community Center,Panchsheel Park
City New Delhi
Postal code 110017
300 ## - PHYSICAL DESCRIPTION
Extent 286p.
Dimensions 21cm(pbk)
942 ## - ADDED ENTRY ELEMENTS (KOHA)
Source of classification or shelving scheme Dewey Decimal Classification
Item type English Books
Classification part N
Call number suffix KAS
Holdings
Withdrawn status Lost status Not for loan Collection code Home library Current library Date acquired Source of acquisition Cost, normal purchase price Full call number Barcode Copy number Cost, replacement price Koha item type
    Not For Loan Non-fiction D.B.Act.Division Bawana 25/07/2016 DBAD/PUB 300.00 N KAS EN-99056 1 300.00 English Books

© Delhi Public Library
Hit Counter
free hit counter